Luyện nghe tiếng Anh trình độ trung cấp= Top- up listening

Enregistré dans:
Détails bibliographiques
Auteur principal: Terry Cooney
Format: Livre
Langue:Undetermined
Sujets:
Tags: Ajouter un tag
Pas de tags, Soyez le premier à ajouter un tag!
Thư viện lưu trữ: Trung tâm Học liệu Trường Đại học Cần Thơ
LEADER 00551nam a2200169Ia 4500
001 CTU_102039
008 210402s9999 xx 000 0 und d
020 |c 10000 
082 |a 428.24 
082 |b C775/T.3 
100 |a Terry Cooney 
245 0 |a Luyện nghe tiếng Anh trình độ trung cấp= Top- up listening 
245 0 |c Terry Cooney, Chris Cleary, Bill Holden; Nguyễn Thành Yến dịch 
650 |a english language 
650 |x listening 
904 |i M.Loan 
980 |a Trung tâm Học liệu Trường Đại học Cần Thơ